Statistics for Top 100 Biggest Cities in Maine

Click here to take the quiz!

General Stats

  • This quiz has been taken 53 times
  • The average score is 31 of 100

Answer Stats

Population City % Correct
66,194Portland
94%
33,039Bangor
89%
19,136Augusta
86%
36,592Lewiston
86%
25,002South Portland
80%
2,552Bar Harbor
69%
9,692Presque Isle
66%
21,277Biddeford
66%
18,482Saco
63%
8,189Caribou
63%
5,214Kennebunk
63%
4,856Houlton
63%
15,722Waterville
60%
15,175Brunswick
60%
8,514Bath
57%
9,761Sanford
57%
9,474Orono
57%
6,297Skowhegan
57%
3,570Camden
54%
23,055Auburn
54%
4,562Kittery
54%
1,485Freeport
51%
7,741Ellsworth
49%
4,288Farmington
46%
2,884Lincoln
46%
3,123Calais
46%
6,668Belfast
46%
9,482Brewer
46%
7,840Old Town
46%
6,882Gorham
43%
1,238Kennebunkport
43%
17,494Westbrook
43%
1,331Eastport
43%
7,297Rockland
43%
4,403Scarborough
43%
1,274Machias
40%
8,624Old Orchard Beach
40%
1,855Falmouth
40%
4,218Rumford
37%
4,466Millinocket
37%
2,638Fairfield
37%
5,869Yarmouth
37%
2,528Dover-Foxcroft
34%
1,776Newport
34%
2,488Fort Kent
34%
4,343Hampden
34%
2,885Bucksport
31%
1,631Fryeburg
31%
2,748Norway
29%
5,931Topsham
29%
2,967Madawaska
26%
1,263Oxford
26%
1,743Mexico
26%
1,097Wiscasset
26%
3,150Pittsfield
23%
1,142Damariscotta
23%
5,800Gardiner
23%
7,794Winslow
23%
2,187Berwick
20%
1,086Boothbay Harbor
20%
2,602Oakland
20%
2,630Madison
20%
2,650Winthrop
17%
2,381Hallowell
17%
1,875Thomaston
17%
1,825Fort Fairfield
17%
1,233Waldoboro
14%
2,158Dexter
14%
2,071Bridgton
14%
1,257Greenville
14%
1,438Norridgewock
14%
1,096Howland
11%
2,237Mechanic Falls
11%
1,615North Berwick
11%
2,267South Paris
11%
2,233Milford
11%
1,847Milo
11%
1,567East Millinocket
9%
1,937Van Buren
9%
1,594Livermore Falls
9%
4,100Lisbon Falls
9%
1,419Clinton
9%
1,970Farmingdale
6%
1,760Richmond
6%
1,340Winterport
6%
3,033York Harbor
3%
1,380Chisholm
3%
1,772Randolph
3%
3,292Springvale
3%
3,550South Eliot
3%
1,511Falmouth Foreside
3%
2,499Cumberland Center
3%
2,198Wilton
3%
4,536South Sanford
3%
1,139Steep Falls
3%
4,904North Windham
3%
2,568Cape Neddick
3%
1,374South Windham
0%
3,071Lake Arrowhead
0%
1,176West Kennebunk
0%

Score Distribution

Percentile by Number Answered

Percent of People with Each Score

Your Score History

You have not taken this quiz